LDR 00952naa#a2200181#i#450# 001 RU\FGKOU VO SPBU MVD ROSSII\bibl\101349 005 20260702023818.4 011 ## _a2071-8284 100 ## _a20260630b2026####ek#y0rusy0150####ca 101 0# _aRUS 102 ## _aRU 200 1# _aСоответствие экологическому законодательству: «зеленые волны» как инструмент снижения транспортных выбросов в мегаполисах _eЖурнальная статья 210 1# _aСанкт-Петербург _cСАНКТ-ПЕТЕРБУРГСКИЙ УНИВЕРСИТЕТ МИНИСТЕРСТВА ВНУТРЕННИХ ДЕЛ РОССИЙСКОЙ ФЕДЕРАЦИИ _d2026 215 ## _a9 с. 608 ## _aЖурнальная статья _2local 700 #1 _aДерусов _gАндрей Алексеевич 700 #1 _aПерцова _gНаталья Николаевна 856 4# _aepinb.ru _u